| 000 | 00975nam0a2200289 4500 | ||
|---|---|---|---|
| 001 | RU\NLR\BIBL_A\012859308 | ||
| 005 | 20250624184540.0 | ||
| 010 | _95000 | ||
| 035 | _a(NLR Aleph) 012859308 | ||
| 090 |
_a13310984 _c13310984 |
||
| 100 | _a20220803d1962 |||y0rusy50 ca | ||
| 101 | 0 | _achv | |
| 102 | _aRU | ||
| 105 | _aa z 000 y | ||
| 181 | 0 |
_ai _baxxe |
|
| 182 | 0 | _an | |
| 200 | 1 |
_aНимӗҫ пӑрҫи акса тӑвасси _fЛ. Я. Вебер, ял хуҫӑх наукисен канд. |
|
| 203 |
_aТекст _bвизуальный _cнепосредственный |
||
| 210 |
_aШупашкар _cЧӑваш АССР кěнеке изд-ви _d1962 |
||
| 215 |
_a42,[1] с. _cил. _d19 |
||
| 541 | 1 |
_aВозделывание кормовых бобов _zrus |
|
| 686 | 1 | _aУ9(2)325.15-53 | |
| 700 | 1 |
_aВебер _bЛ. Я. _gЛеонгард Яковлевич _4070 |
|
| 852 |
_aNLR _bОНЛ _jЧув./2-3100 |
||
| 942 | _cBOOK | ||
| 980 | _aNB | ||